Guess the song : Harry Styles (hard edition) - Statistics

General Stats
  • This quiz has been taken 91 times
  • The average score is 67 of 148
Answer Stats
Answer % Correct
a
100%
I
100%
you
94%
the
84%
we
81%
and
75%
in
72%
love
72%
just
69%
for
66%
don’t
61%
her
57%
it’s
52%
should
52%
Should
52%
two
52%
driving?
49%
keep
49%
will
46%
with
46%
would
45%
always
43%
all
42%
life
42%
going
37%
pancakes
37%
side
37%
boob
36%
egg
36%
ask
34%
cocaine
34%
how
34%
off
34%
sea
34%
yolk
34%
act
33%
choke
33%
good
33%
normal
33%
view
33%
brown
31%
darkness
31%
hey
31%
Maple
31%
roof
31%
sunglasses
31%
yellow
31%
America
30%
clouds
30%
coffee
30%
engine
30%
hash
30%
held
30%
jump
30%
kiss
30%
Monday
30%
pool
30%
swimming
30%
syrup
30%
bad
28%
bathroom
28%
camera
28%
pass
28%
pot
28%
sounds
28%
viral
28%
hacks
27%
small
27%
toothache
27%
Black
25%
concern
25%
edibles
25%
tea
25%
film
24%
white
24%
cyborgs
22%
hot
22%
Moka
22%
move
22%
Passport
22%
science
22%
wax
22%
withheld
22%
ashtray
21%
glass
21%
Riot
21%
tells
21%
wine
21%
footwells
19%
puff
18%
Ooh
12%
ooh
12%
No matching quizzes found
Score Distribution
Percent of People with Each Score
Percentile by Number Answered
Your Score History
You have not taken this quiz